MDQL
is popping MORE tags! Check the
thread
!
Quizzes
Events
Quiz Creation
Community
Videos
Private Events
Remove Ads
Sign In
Join for FREE
Feedback
Dark Mode
Quiz Categories
Sports
Geography
Music
Movies
Television
Just For Fun
Miscellaneous
History
Literature
Language
Science
Gaming
Entertainment
Religion
Holiday
For Kids
Quiz Lab
Recent
Popular Today
Quiz Kudos Today
Editor Picks
Curator Picks
Quizzes by...
Day
Popularity
Type
Ratings
Length
Year
Community
Subscriptions
Recent Discussions
Orange Saloon
Badges
Playlists
Quests
Create
Leaderboards
Showdown
Live 5
Trivia Bingo
Activity
Puzzle Library
Sporcle Events
Private Events
Virtual Trivia
Globe League
Become a Host
Pub Owners
SporcleCon
Opinionation
Our Games
Videos
Blog
Mobile Apps
Partnerships
Remove Ads and Go Orange
Feedback
Just For Fun
Clickable
Get the Picture
Humor
Quick Pick
Word Ladder
Missing Word
Mixed Word
Blitz
Minefield
This or That
Alphabet
Color
Typing
Sporcle
Puzzle
Word Play
Follow That Line
Logic
Just For Fun
Clickable
Get the Picture
Humor
Quick Pick
Word Ladder
Missing Word
Mixed Word
Blitz
Minefield
This or That
Alphabet
Color
Typing
Sporcle
Puzzle
Word Play
Follow That Line
Logic
Random Quiz
Search Sporcle
×
Quiz Lab
Quiz Lab
Just For Fun
Clickable
Select answers by clicking on text or image buttons
Select answers by clicking on text or image buttons
Clickable
Best Score? Go Orange.
1-100 minefield Stats
Can you name the numbers from 1 to 100 in order
By
glacier1
60s
100 Questions
419 Plays
419 Plays
419 Plays
Comments
Comments
Give Quiz Kudos
Give Quiz Kudos
-
- Ratings
hide this ad
Forced Order
Answers have to be entered in order
Answers have to be entered in order
Minefield
Wrong answers will end the quiz
Wrong answers will end the quiz
Replay
Link that replays current quiz
Next Quiz
Link to next quiz in quiz playlist
You Got
0%
They Got
Avg Score
53%
Avg Friend Score
Upgrade to see
Score Distribution
Jump to the score distribution portion of the page
Score
0/100
Timer
01:00
0
Plays Today
% Correct
???
100%
???
98.1%
???
95.5%
???
92.4%
???
89%
???
87.4%
???
83.8%
???
82.1%
???
80.4%
???
79%
???
78.3%
???
77.1%
???
76.6%
???
75.4%
???
73.5%
???
73%
???
72.1%
???
70.9%
???
68.5%
???
68%
???
66.8%
???
66.3%
???
65.4%
???
65.2%
???
64.9%
???
63.5%
???
63.2%
???
63%
???
62.3%
???
62.1%
???
61.3%
???
60.6%
???
59.2%
???
58.9%
% Correct
???
58.5%
???
58.2%
???
57.3%
???
56.1%
???
55.6%
???
55.4%
???
55.1%
???
54.4%
???
53.7%
???
53.5%
???
53.2%
???
53.2%
???
52.3%
???
52%
???
51.8%
???
51.3%
???
50.4%
???
49.9%
???
49.6%
???
49.4%
???
48.9%
???
48.2%
???
48.2%
???
48%
???
47.5%
???
47.3%
???
46.3%
???
45.8%
???
45.6%
???
45.3%
???
43.7%
???
43.4%
???
43%
???
42.7%
% Correct
???
41.8%
???
41.5%
???
41.1%
???
40.8%
???
40.1%
???
39.9%
???
39.6%
???
39.1%
???
38.9%
???
38.9%
???
38.7%
???
38.7%
???
38.2%
???
37.5%
???
37%
???
35.6%
???
35.3%
???
35.1%
???
33.9%
???
33.2%
???
32.5%
???
31.7%
???
31.3%
???
31%
???
30.8%
???
28.9%
???
28.6%
???
28.2%
???
27.4%
???
27%
???
13.8%
???
13.4%
Quiz Playlist
Details
Report
Send in Message
Add To Playlist
Clickable:
Select answers by clicking on text or image buttons
Forced Order:
Answers have to be entered in order
Minefield:
Wrong answers will end the quiz
Last Updated: Jul 13, 2017
Quiz Scoreboard
CHALLENGE
Sign Up to Join the Scoreboard
Show All
Scores
Hide
Comments
May contain spoilers
Recently Published
Image Sorting: Flags VI
by Barbecue
Geography
2m
Find the 'City' Movie
by crazypaving
Movies
60s
Colored Red Africa Blitz
by spor1
Geography
45s
More to Explore
Quiz From the Vault
Featured Blog Post
14 Easter Pick-up Lines to Find Eggs With
hide this ad
You Might Also Like...
Tags
Clickable Quiz
Minefield Quiz
1-100
100
Order
Today's Top Quizzes in Just For Fun
Browse Just For Fun
hide this ad
Today's Top Quizzes in Clickable
Browse Clickable
Top Contributed Quizzes in Just For Fun
1
Name Just One - 10 to 1: Just For Fun
2
Avatar the Last Airbender: Logic Puzzle
3
Missing Word: 2-Letter A-Z II
4
Missing Letter Whitney Houston Songs
5
It's Magic / Witchcraft 🎩🪄🧙♀️
6
Survivor Winners Logic Puzzle
7
Missing Word: 'Of' Things A-Z
8
01-36 Logic Puzzle I
9
Quick 5-Color Logic (18)
10
Shadowhunters Protagonists Logic Quiz
Explore More
Trending Topics
Disney
Crossword
Marvel
Anime
NBA
Kpop
Harry Potter
The Office
Soccer
Puzzle
WWE
Pokémon
Song
Country
NFL
hide this ad
More By:
glacier1
Quiz
Plays
Rating
Category
Featured
Created
1-100 minefield
419
2.75
Just For Fun
Nov 10, 2014
Geography Quiz
184
Geography
Nov 8, 2014
Go to Creator's Profile
Score Distribution
Quiz Creator Spotlight
glacier1
Follow
Send a Message
Quizzes Created
-
Created Quiz Play Count
-
More By This Creator
Popular Quizzes Today
1
Colored Red Africa Blitz
2
Find the US States - No Outlines Minefield
3
Find the 'City' Movie
4
5x2 Blitz: Bands
5
The Countries of the World
6
Find the US States
7
Find the Countries of Europe - No Outlines Minefield
8
US States
More Just For Fun Quizzes
Trees Logic Puzzle 80
Quiz Lab
Trending Quizzes
Colored Red Europe Blitz I
Colored Red Europe Blitz II
Colored Red Africa Blitz II
Colored Red Europe Blitz III
Colored Red Africa Blitz III
Recently Updated
How Do You Spell That?
pecheneg
Godzilla Movies
pecheneg
Grab Bag: 4-10 Letters
pecheneg
2024 March Madness Bracket
pecheneg
Famous TV Couples
Peacemaker
Champions League XIs: Real Madrid
pecheneg
Largest US Cities 1790-2010
pecheneg
Rides in Walt Disney World
pecheneg
Most Oscar Losses (Acting)
pecheneg
Beyoncé Albums
pecheneg
Trending Topics
Disney
Marvel
Kpop
NBA
Crossword
Harry Potter
Anime
Soccer
Puzzle
Pokémon
NFL
Song
Country
WWE
The Office
Your Account Isn't Verified!
In order to create a playlist on Sporcle, you need to verify the email address you used during registration. Go to your
Sporcle Settings
to finish the process.
Report this User
Report this user for behavior that violates our
Community Guidelines
.
Details:
Send Report
Go to the Sporcle.com Mobile Site →
Comments